Word Ladder: Singers of 'Private Ayes'? Quiz Stats

Quiz Updated Sep 22, 2017

Challenge
Share
Tweet
Embed
Score 0/22 Timer 02:00
0 Plays Today
Clue 4-Letter Word % Correct
It's eaten 3 times a dayMEAL
98.2%
Object in many sportsBALL
98.2%
Not niceMEAN
97.6%
A blue-green colorTEAL
97.5%
Borrowed moneyLOAN
97.4%
Chapel ringerBELL
97.4%
A ditch filled with water that surrounds a castleMOAT
97.2%
Sound you make when you're botheredMOAN
96.8%
Rest in a sloped positionLEAN
96.6%
A room in the game of Clue(do)•HALL•
95.1%
A poker player's 'habit'TELL
94.8%
Clue 4-Letter Word % Correct
Algebra or calculus, e.g.MATH
94%
What an owl saysHOOT
93.8%
Insect attracted to the lightMOTH
93.4%
Unarguable, like a pointMOOT
89%
A solemn vowOATH
87.2%
Grains used to make Cheerios•OATS•
87%
Suffragette Lucretia MOTT
83.5%
An NFL player from IndianapolisCOLT
80.5%
An otter's denHOLT
78.2%
Goldman the pharmacist on 'Family Guy'MORT
59.6%
Actor Bud of 'Harold and Maude'CORT
54.3%

Today's Daily Dose

Word Ladder
Paul Newman

On This Day
April 21st II

You're not logged in!

Compare scores with friends on all Sporcle quizzes.
Sign Up with Email
OR
Log In

You Might Also Like...

Show Comments

Extras

Top Quizzes Today


Score Distribution

Your Account Isn't Verified!

In order to create a playlist on Sporcle, you need to verify the email address you used during registration. Go to your Sporcle Settings to finish the process.

Report this User

Report this user for behavior that violates our Community Guidelines.

Details: